[Event "Groningen op-A 53rd"]
[Site "Groningen"]
[Date "2015.12.30"]
[Round "9"]
[White "Andersen, Alf Roger"]
[Black "Ratsma, Rosa"]
[Result "1-0"]
[WhiteElo "2163"]
[BlackElo "2059"]
[PlyCount "53"]
[EventDate "2015.12.21"]
[EventType "swiss"]
[EventRounds "9"]
[EventCountry "NED"]
[SourceTitle "CBM 170 Extra"]
[Source "ChessBase"]
[SourceDate "2016.02.25"]
[SourceVersion "1"]
[SourceVersionDate "2016.02.25"]
[SourceQuality "1"]

1. d4 Nf6 2. c4 g6 3. Nc3 Bg7 4. e4 d6 5. Nge2 0-0 6. Ng3 c6 7. Be2 a6 8. a4 a5 9. 0-0 Na6 10. Be3 Nb4 11. Qd2 Qc7 12. Rac1 Ng4 13. Bxg4 Bxg4 14. f4 Bd7 15. e5 dxe5 16. fxe5 Rad8 17. Bh6 Be6 18. Bxg7 Kxg7 19. Nce4 Qb6 20. c5 Qc7 21. Rf4 h6 22. Rcf1 Bc4 23. R1f3 Qd7 24. Nf5+ Kg8 25. Nxh6+ Kh7 26. Rh4 Rh8 27. Nf5+ 1-0

[Event "Groningen op-A 53rd"]
[Site "Groningen"]
[Date "2015.12.24"]
[Round "4"]
[White "Andersen, Alf Roger"]
[Black "Hilwerda, Jonas"]
[Result "1/2-1/2"]
[WhiteElo "2163"]
[BlackElo "2012"]
[PlyCount "63"]
[EventDate "2015.12.21"]
[EventType "swiss"]
[EventRounds "9"]
[EventCountry "NED"]
[SourceTitle "CBM 170 Extra"]
[Source "ChessBase"]
[SourceDate "2016.02.25"]
[SourceVersion "1"]
[SourceVersionDate "2016.02.25"]
[SourceQuality "1"]

1. e4 e5 2. Nf3 Nc6 3. d4 exd4 4. Nxd4 Bc5 5. Be3 Qf6 6. Nb5 Bxe3 7. fxe3 Qh4+ 8. g3 Qxe4 9. Nxc7+ Kd8 10. Nxa8 Qxh1 11. Qg4 Nge7 12. Nd2 Qxh2 13. 0-0-0 Qh6 14. Bg2 Qxe3 15. Qxg7 Rg8 16. Qxf7 Ne5 17. Qf6 Nc4 18. Bd5 Nxd2 19. Rxd2 Qg5 20. Qxg5 Rxg5 21. Be4 Rxg3 22. Rf2 d5 23. Rf8+ Kd7 24. Bxh7 b6 25. Bd3 Rg8 26. Bb5+ Kd6 27. Rf6+ Ke5 28. Rf7 Kd6 29. Rf6+ Ke5 30. Rf7 Kd6 31. Rf6+ Ke5 32. Rf7 1/2-1/2

[Event "Groningen op-A 53rd"]
[Site "Groningen"]
[Date "2015.12.23"]
[Round "3"]
[White "Liu, Yi"]
[Black "Andersen, Alf Roger"]
[Result "1-0"]
[WhiteElo "2306"]
[BlackElo "2163"]
[PlyCount "77"]
[EventDate "2015.12.21"]
[EventType "swiss"]
[EventRounds "9"]
[EventCountry "NED"]
[SourceTitle "CBM 170 Extra"]
[Source "ChessBase"]
[SourceDate "2016.02.25"]
[SourceVersion "1"]
[SourceVersionDate "2016.02.25"]
[SourceQuality "1"]

1. d4 Nc6 2. Nf3 d6 3. c4 e5 4. Nc3 exd4 5. Nxd4 Nf6 6. g3 Nxd4 7. Qxd4 Be6 8. Bg2 c6 9. 0-0 Qb6 10. Qd3 Rd8 11. b3 Be7 12. e4 0-0 13. Bb2 Nd7 14. Ne2 Bf6 15. Bxf6 Nxf6 16. Nf4 Bc8 17. Rad1 Ng4 18. Qc3 Qc5 19. Rd2 Qg5 20. h3 Ne5 21. Rfd1 Qh6 22. c5 Ng6 23. Nxg6 hxg6 24. h4 Bg4 25. f3 Be6 26. Rxd6 Ra8 27. Qd2 a5 28. Qxh6 gxh6 29. R1d2 a4 30. b4 a3 31. f4 Ra4 32. R6d4 b6 33. cxb6 Rb8 34. Rd8+ Rxd8 35. Rxd8+ Kg7 36. b7 Bxa2 37. b8Q Bb3 38. Rg8+ Kh7 39. Qf8 1-0

[Event "Groningen op-A 53rd"]
[Site "Groningen"]
[Date "2015.12.22"]
[Round "2"]
[White "Andersen, Alf Roger"]
[Black "Schweitzer, Werner"]
[Result "1-0"]
[WhiteElo "2163"]
[BlackElo "2067"]
[PlyCount "81"]
[EventDate "2015.12.21"]
[EventType "swiss"]
[EventRounds "9"]
[EventCountry "NED"]
[SourceTitle "CBM 170 Extra"]
[Source "ChessBase"]
[SourceDate "2016.02.25"]
[SourceVersion "1"]
[SourceVersionDate "2016.02.25"]
[SourceQuality "1"]

1. d4 Nf6 2. c4 g6 3. Nc3 Bg7 4. e4 d6 5. Nge2 0-0 6. Ng3 e5 7. d5 a5 8. h4 Bg4 9. Be2 Bxe2 10. Qxe2 Qd7 11. f3 h5 12. Be3 Na6 13. 0-0-0 Nc5 14. Kb1 a4 15. Qd2 Rfc8 16. Nge2 Qe8 17. Rdg1 Ra6 18. Qc2 c6 19. Bxc5 dxc5 20. g4 b5 21. g5 Nh7 22. dxc6 b4 23. Nd5 Rcxc6 24. Ng3 Kh8 25. Nf5 Bf8 26. Rh2 Qb8 27. Qe2 Qc8 28. Nfe7 Bxe7 29. Nxe7 Qe6 30. Nxc6 Qxc6 31. Rd1 Nf8 32. Rd5 Ne6 33. Rxe5 Nd4 34. Qf2 Qc7 35. f4 b3 36. a3 Kg7 37. Rh1 Qd6 38. Rd1 Rc6 39. Rd5 Qe7 40. R1xd4 cxd4 41. Qxd4+ 1-0

[Event "Lvov IM 09"]
[Site "Lvov"]
[Date "2015.09.30"]
[Round "5"]
[White "Anwesh, Upadhyaya"]
[Black "Andersen, Alf Roger"]
[Result "1/2-1/2"]
[WhiteElo "2412"]
[BlackElo "2178"]
[PlyCount "107"]
[EventDate "2015.09.28"]
[EventType "tourn"]
[EventRounds "11"]
[EventCountry "UKR"]
[EventCategory "1"]
[SourceTitle "CBM 168 Extra"]
[Source "ChessBase"]
[SourceDate "2015.10.29"]
[SourceVersion "1"]
[SourceVersionDate "2015.10.29"]
[SourceQuality "1"]

1. c4 e5 2. g3 f5 3. Bg2 Nf6 4. d4 exd4 5. Qxd4 Nc6 6. Qd3 d6 7. Nf3 Be7 8. Nc3 0-0 9. 0-0 Qe8 10. Re1 Qh5 11. Bf4 Kh8 12. Nd5 Bd8 13. c5 dxc5 14. Nxc7 Bxc7 15. Bxc7 Qf7 16. Bf4 Ne4 17. Ng5 Nxg5 18. Bxg5 Be6 19. a3 Nd4 20. Rac1 Nb3 21. Rcd1 Nd4 22. b4 Bc4 23. Qd2 h6 24. Be3 Rad8 25. Bxd4 Rxd4 26. Qb2 Rxd1 27. Rxd1 cxb4 28. axb4 Qe7 29. e3 b6 30. Rd4 Bb5 31. Qd2 Rc8 32. h4 Bc6 33. Bxc6 Rxc6 34. Rd7 Qe5 35. Rxa7 Rd6 36. Qc2 Qd5 37. Qc3 Rg6 38. Rc7 Qd1+ 39. Kg2 Qd5+ 40. Kh2 Kh7 41. Rc8 Rg4 42. Rc7 Qf3 43. Qb2 Qe4 44. Qc3 Qf3 45. Qb2 Qe4 46. Kg1 Qd5 47. b5 Qd1+ 48. Kg2 Qd5+ 49. f3 Rxg3+ 50. Kxg3 Qd6+ 51. f4 Qxc7 52. Qd4 Qc1 53. Kf2 Qc2+ 54. Kg3 1/2-1/2

[Event "NOR-chB"]
[Site "Oslo"]
[Date "2015.07.10"]
[Round "8"]
[White "Andersen, Alf Roger"]
[Black "Johansen, Paul Arne"]
[Result "0-1"]
[WhiteElo "2197"]
[BlackElo "2081"]
[PlyCount "80"]
[EventDate "2015.07.04"]
[EventType "swiss"]
[EventRounds "9"]
[EventCountry "NOR"]
[SourceTitle "EXT 2017"]
[Source "ChessBase"]
[SourceDate "2016.10.25"]
[SourceVersion "1"]
[SourceVersionDate "2016.10.25"]
[SourceQuality "1"]

1. e4 c6 2. d4 d5 3. Nc3 dxe4 4. Nxe4 Nd7 5. Ng5 e6 6. Bd3 Ngf6 7. Ne2 Bd6 8. 0-0 Qc7 9. g3 h6 10. Nf3 b6 11. Bf4 Bb7 12. Nc3 Bxf4 13. gxf4 Qxf4 14. Be2 Rd8 15. h3 Qf5 16. Kh2 g5 17. Ne1 Nc5 18. Ng2 Nfe4 19. Bg4 Qf6 20. f3 Rxd4 21. Qe1 Nxc3 22. bxc3 Rc4 23. Qe2 Ba6 24. Qd2 Qxc3 25. Qd6 Nd7 26. Bxe6 fxe6 27. Qxe6+ Kd8 28. Rad1 Rd4 29. Rfe1 Kc7 30. Qf7 Rxd1 31. Rxd1 Rd8 32. Qg6 Qxf3 33. Rd2 Bf1 34. Qd6+ Kc8 35. Qxh6 Bxg2 36. Rxg2 Qf4+ 37. Kg1 Ne5 38. Qe6+ Kc7 39. Rf2 Nf3+ 40. Kg2 Nh4+ 0-1

[Event "NOR-chB"]
[Site "Oslo"]
[Date "2015.07.08"]
[Round "6"]
[White "Andersen, Alf Roger"]
[Black "Gulbrandsen, Tor"]
[Result "1-0"]
[WhiteElo "2197"]
[BlackElo "2005"]
[PlyCount "42"]
[EventDate "2015.07.04"]
[EventType "swiss"]
[EventRounds "9"]
[EventCountry "NOR"]
[SourceTitle "EXT 2017"]
[Source "ChessBase"]
[SourceDate "2016.10.25"]
[SourceVersion "1"]
[SourceVersionDate "2016.10.25"]
[SourceQuality "1"]

1. e4 e6 2. d4 d5 3. Nd2 dxe4 4. Nxe4 Nd7 5. Nf3 Ngf6 6. Nxf6+ Nxf6 7. Bd3 c5 8. Be3 cxd4 9. Bxd4 Be7 10. c3 0-0 11. Bc2 Re8 12. Qd3 e5 13. Nxe5 Bd6 14. f4 g6 15. 0-0-0 Bg4 16. Nxg4 Nxg4 17. Qf3 Qc8 18. h4 h5 19. f5 Be5 20. fxg6 fxg6 21. Bxg6 Re7 1-0